| 000 | 00458nam a2200181Ia 4500 | ||
|---|---|---|---|
| 008 | 170705s9999 xx 000 0 und d | ||
| 020 | _a590443577 | ||
| 245 | _aDaily wolf : | ||
| 245 | _bthe true story of the 3 little pigs / | ||
| 245 | _cJon Scieszka ; illustrated by Lane Smith. | ||
| 260 | _aNew York : | ||
| 260 | _bScholastic, | ||
| 260 | _c1989 | ||
| 300 | _aunpaged : | ||
| 300 | _bcolor illustration ; | ||
| 300 | _c27cm. | ||
| 500 | _a570 | ||
| 999 |
_c336050 _d336050 |
||